La cavalleria romana del Principato nelle occidentali dell'Imperio
Saved in:
| Main Author: | |
|---|---|
| Format: | Book |
| Language: | Italian |
| Published: |
Bari
Edipuglia
2004
|
| Series: | Documenti e Study.
34 |
| Subjects: | |
| Tags: |
Add Tag
No Tags, Be the first to tag this record!
|
MARC
| LEADER | 00000nam a2200000 a 4500 | ||
|---|---|---|---|
| 001 | UCI0325 | ||
| 003 | CL-VaPUC | ||
| 005 | 20240611093645.0 | ||
| 008 | 070504e20040000IT |||||||||||||||||ita|d | ||
| 999 | |c 325562 |d 325560 | ||
| 020 | |a 8872283663 | ||
| 040 | |c Pontificia Universidad Católica de Valparaíso | ||
| 082 | 0 | 4 | |a 937.08 BIA 2004 |2 21 |
| 100 | 0 | |a Biancardi, Massimo |9 520497 | |
| 245 | 1 | 3 | |a La cavalleria romana del Principato nelle occidentali dell'Imperio |
| 260 | |a Bari |b Edipuglia |c 2004 | ||
| 300 | |a 247 páginas | ||
| 490 | 0 | |a Documenti e Study. |v 34 | |
| 583 | |a last modification |c 20130305 08:56:35 |k Rodrigo Vera | ||
| 650 | 0 | |a Historia militar |9 268297 | |
| 650 | 7 | |a IMPERIO ROMANO |2 CL-VaPUC |9 467225 | |
| 650 | 0 | |a Civilizaciones antiguas |9 265998 | |
| 650 | 0 | |a Armas |9 318202 | |
| 942 | |c BK |2 ddc | ||
| 945 | |d 20070504 00:00:00 |a jtorresc | ||
| 952 | |0 0 |1 0 |2 ddc |4 0 |6 937_080000000000000_BIA_2004 |7 0 |8 A |9 406549 |a BIBHIS |b BIBHIS |d 2019-11-22 |i 4290135 |o 937.08 BIA 2004 |p 4290135 |r 2025-01-20 |t 1 |w 2019-11-22 |y BK |k HIS | ||